Mort subite- métro de Montréal - Statistiques

Statistiques générales
  • Ce quiz a été pris 458 fois
    352 depuis la dernière actualisation
  • Le résultat moyen est 29 sur 68
Answers on the Grid
Answers color-coded by a green-red scale on the quiz's grid according to % correct below.
Namur
Plamondon
Côte-Sainte-Catherine
Snowdon
Villa-Maria
Vendôme
Place-Saint-Henri
Lionel-Groulx
Georges-Vanier
Lucien-L'Allier
Bonaventure
Square-Victoria-OACI
Place-d'Armes
Champ-de-Mars
Sherbrooke
Mont-Royal
Laurier
Rosemont
Beaubien
Jean-Talon
Jarry
Crémazie
Sauvé
Henri-Bourassa
Cartier
De La Concorde
Montmorency
Jean-Drapeau
Longueil-Université-de-Sherbrooke
Côte-des-Neiges
Université-de-Montréal
Édouard-Montpetit
Outremont
Acadie
Parc
De Castelnau
Fabre
D'Iberville
Saint-Michel
Lacordaire
Ahuntsic
Laval
Descaries
Square-Saint-Louis
Westmount
Jean Lesage
Palais-des-Congrès
Stade Olympique
Parc Olympique
De Fontevraud
Saint-Denis
Armand Bombardier
Robert Gravel
Vieux Montréal
Fairmount
Wellington
De-la-Main
Duluth
Lafontaine
Notre-Dame
Gouin
Place-Jacques-Cartier
Christophe Colomb
Jeanne-Mance
Ville-Marie
Falardeau
Anne Dorval
Lachine
Hochelaga
Ontario
Dusmenil
Angrignon
Monk
Jolicoeur
Verdun
De L'Église
LaSalle
Charlevoix
Atwater
Guy-Concordia
Peel
McGill
Place-des-Arts
Saint-Laurent
Berri-UQAM
Beaudry
Papineau
Frontenac
Préfontaine
Joliette
Pie-IX
Viau
Assomption
Cadillac
Langelier
Radisson
Honoré-Beaugrand
Côte-Vertu
Du Collège
De La Savane
 
Statistiques - réponses
Réponse % Correct
Côte-Vertu
54%
Bonaventure
53%
Mont-Royal
53%
Peel
53%
Champ-de-Mars
51%
McGill
51%
Montmorency
51%
Berri-UQAM
50%
Honoré-Beaugrand
50%
Côte-des-Neiges
48%
Lionel-Groulx
48%
Lucien-L'Allier
48%
Papineau
48%
Pie-IX
48%
Place-d'Armes
48%
Sherbrooke
48%
Atwater
47%
Jean-Talon
47%
Longueil-Université-de-Sherbrooke
47%
Square-Victoria-OACI
47%
Angrignon
46%
Joliette
46%
Namur
46%
Place-des-Arts
46%
Snowdon
46%
Beaudry
45%
Crémazie
45%
Guy-Concordia
45%
Beaubien
44%
Henri-Bourassa
44%
Jarry
44%
Jean-Drapeau
44%
Outremont
44%
Rosemont
44%
Saint-Michel
44%
Du Collège
43%
Édouard-Montpetit
42%
Laurier
42%
Place-Saint-Henri
42%
Préfontaine
42%
Université-de-Montréal
42%
Verdun
42%
Saint-Laurent
41%
Frontenac
40%
Viau
40%
De La Savane
39%
LaSalle
39%
Monk
39%
Plamondon
39%
De Castelnau
37%
Villa-Maria
37%
Acadie
36%
De L'Église
36%
Fabre
36%
Sauvé
36%
Vendôme
36%
Cartier
35%
Côte-Sainte-Catherine
35%
De La Concorde
35%
Georges-Vanier
35%
Parc
35%
Charlevoix
33%
D'Iberville
33%
Jolicoeur
33%
Assomption
32%
Cadillac
32%
Langelier
32%
Radisson
31%
Aucun quiz correspondant
Distribution des résultats
% des personnes avec chaque résultat
Percentile par nombre de réponses
Votre historique - résultats
Vous n’avez pas pris ce quiz depuis la dernière actualisation